Mizející zvířata
| Main Author: | |
|---|---|
| Other Authors: | , |
| Format: | Book |
| Language: | Czech English Italian |
| PhysicalDescription: | 302 s. fareb. fotogr., ilustr. 34 cm |
| Published: |
V Praze
Euromedia Group - Knižní klub
2008
|
| ISBN: | 9788024222868 (viaz.) |
| Series: | Universum
|
| Subjects: |
MARC
| LEADER | 00000nam a2200000 a 4500 | ||
|---|---|---|---|
| 001 | vtls009527352 | ||
| 003 | SK-MaSNL | ||
| 005 | 20260301211658.0 | ||
| 008 | 090618s2008 xr oa g f 001 0 cze | ||
| 020 | |a 9788024222868 (viaz.) | ||
| 040 | |a SNK |b slo |c SNK |e AACR2 | ||
| 041 | 1 | |a cze |h eng |h ita | |
| 044 | |a xr |c CZ | ||
| 072 | 7 | |a 59 |x Zoológia |2 konspekt | |
| 080 | |a 504:592/599 |2 2001 | ||
| 080 | |a 591.5 |2 2001 | ||
| 080 | |a (0.062) |2 2001 | ||
| 080 | |a (084.12) |2 2001 | ||
| 130 | 0 | |a Vanishing animals |l Česky |9 595950 | |
| 245 | 1 | 0 | |a Mizející zvířata |c texty Gianfranco Bologna ... [et al.] ; předmluva Fulco Pratesi ; [z angl. verze přel. Martin Anděra] |
| 260 | |a V Praze |b Euromedia Group - Knižní klub |c 2008 | ||
| 300 | |a 302 s. |b fareb. fotogr., ilustr. |c 34 cm | ||
| 490 | 1 | |a Universum | |
| 500 | |a Preložené z anglickej verzie talianského originálu? | ||
| 500 | |a Obsahuje reg. | ||
| 650 | 0 | 7 | |a ohrozené druhy živočíchov |2 SNKPH |9 3697 |
| 650 | 0 | 7 | |a ekológia živočíchov |2 SNKPH |9 952 |
| 650 | 0 | 7 | |a Endangered animals |2 SNKPHeng |9 364361 |
| 650 | 0 | 7 | |a Animal ecology |2 SNKPHeng |9 303386 |
| 655 | 7 | |a populárno-náučné publikácie |2 SNKPH |9 70460 | |
| 655 | 7 | |a fotografické publikácie |2 SNKPH |9 70483 | |
| 655 | 7 | |a Popular works |2 SNKPHeng |9 90287 | |
| 655 | 7 | |a Photographical works |2 SNKPHeng |9 278887 | |
| 700 | 1 | |a Bologna, Gianfranco |4 aut |9 380714 | |
| 700 | 1 | |a Pratesi, Fulco, |d 1934- |4 aui |9 111687 | |
| 700 | 1 | |a Anděra, Martin |4 trl |9 182603 | |
| 830 | 0 | |a Universum |9 313631 | |
| 919 | |a 978-80-242-2286-8 | ||
| 999 | |c 916366 |d 918296 | ||
| 952 | |t snkMIZ 591 |a SNKUST |b SNKUST |y PREZ |7 0 |p 17A0625775 |o snkIB 72050 |i snk2009/13959 |8 4 |g 24.72 |0 0 |1 0 |4 0 |d 2009-06-18 |l 0 |r 2025-03-19 00:00:00 |w 2026-02-24 | ||


